| 000 | 00543nam a2200217 a 4500 | ||
|---|---|---|---|
| 999 |
_c6593 _d6593 |
||
| 001 | 6593 | ||
| 003 | BD-JhCC | ||
| 005 | 20180127095532.0 | ||
| 008 | 180127s1964 e |||| || | 000 0 eng d | ||
| 035 | _a(BD-JhCC)6593 | ||
| 040 |
_aBD-JhCC _dBD-JhCC |
||
| 041 | _aeng | ||
| 082 |
_a808.82 _bOBE 1964 |
||
| 100 | _aObey, Andre | ||
| 245 |
_aThree Dramatic Legends / _cAndre Obey, |
||
| 260 |
_aLondon : _bHeinemann Educational Books Ltd, _cLondon : |
||
| 300 |
_a196 p. : _c20 cm. |
||
| 650 | _aDrama | ||
| 942 |
_2ddc _cBK |
||